LIBRARY & INFORMATION CENTRE, KCAET, TAVANUR

ONLINE PUBLIC ACCESS CATALOGUE (OPAC)

Modern kutilvyavasayangal / (Record no. 4660)

MARC details
000 -LEADER
fixed length control field 00524cam a2200205ua 4500
041 ## - LANGUAGE CODE
Language code of text/sound track or separate title mal
082 ## - DEWEY DECIMAL CLASSIFICATION NUMBER
Classification number 338.634
Item number BED/MO
100 ## - MAIN ENTRY--AUTHOR NAME
Personal name Bedekkar, C H .
245 ## - TITLE STATEMENT
Title Modern kutilvyavasayangal /
250 ## - EDITION STATEMENT
Edition statement 1 /
260 ## - PUBLICATION, DISTRIBUTION, ETC. (IMPRINT)
Place of publication New Delhi :
Name of publisher A Dewan Chand Anand & Sons ,
Year of publication 1961.
300 ## - PHYSICAL DESCRIPTION
Number of Pages 876 ; .
700 1# - ADDED ENTRY--PERSONAL NAME
Personal name Malhotra, Brijmohan .
700 1# - ADDED ENTRY--PERSONAL NAME
Personal name Sooth, Jagan Nath .
942 ## - ADDED ENTRY ELEMENTS (KOHA)
Koha item type Books
Holdings
Withdrawn status Lost status Damaged status Home library Current library Date acquired Full call number Accession Number Koha item type
Withdrawn     KAUAET Sanskrit University 07/04/2012 338.634 9331 Books
free website counter